| 000 | 00482nam a22001697a 4500 | ||
|---|---|---|---|
| 005 | 20170103093630.0 | ||
| 008 | 170103b xxu||||| |||| 00| 0 eng d | ||
| 020 | _a1570750394 | ||
| 040 | _cPK-LaUMT | ||
| 082 |
_a291.211 _bCAR-R |
||
| 100 | _aCarpenter , David | ||
| 245 |
_aRevelation, history, and the dialogue of religions _ba study of bhartrhari and bonaventure _cDavid carpenter |
||
| 260 |
_aNew York _bOrbis books _c1995 |
||
| 300 | _a208 p. | ||
| 546 | _aEN | ||
| 942 | _cBK | ||
| 999 |
_c89690 _d89690 |
||